[Event "ISR-ch U20"]
[Site "Ramat Hasharon"]
[Date "2023.08.06"]
[Round "5"]
[White "Kochavi, Dana"]
[Black "Gavriely, Or"]
[Result "0-1"]
[WhiteElo "2032"]
[BlackElo "2152"]
[PlyCount "132"]
[EventDate "2023.08.02"]
[EventType "swiss"]
[EventRounds "9"]
[EventCountry "ISR"]
[SourceTitle "EXT 2024"]
[Source "ChessBase"]
[SourceDate "2023.10.10"]
[SourceVersion "1"]
[SourceVersionDate "2023.10.10"]
[SourceQuality "1"]

1. e4 c6 2. d4 d5 3. exd5 cxd5 4. Bd3 Nc6 5. c3 Qc7 6. Ne2 Bg4 7. 0-0 e6 8. Qe1 Bxe2 9. Qxe2 Bd6 10. h3 Nf6 11. Nd2 Ne7 12. Nf3 Ng6 13. Re1 Nf4 14. Bb5+ Kf8 15. Qc2 a6 16. Bf1 Ne4 17. Ne5 Ng6 18. Bd3 f5 19. Bxe4 dxe4 20. Nxg6+ hxg6 21. Qe2 Re8 22. Bd2 Qe7 23. f3 e5 24. fxe4 exd4 25. cxd4 Rh4 26. Qc4 Rxe4 27. Rxe4 Qxe4 28. Re1 Qc6 29. Qxc6 Rxe1+ 30. Kf2 bxc6 31. Kxe1 Kf7 32. Ke2 Ke6 33. Kd3 Kd5 34. b3 Be7 35. a4 Bf6 36. Be3 g5 37. Bg1 Bd8 38. Be3 Bf6 39. Bg1 Be7 40. Be3 Bd8 41. Bf2 Bb6 42. Bg1 Ba7 43. Bf2 Bb6 44. Bg1 f4 45. Bf2 Ba5 46. Bg1 Be1 47. Ke2 Bh4 48. Kd3 Bg3 49. Kd2 a5 50. Kd3 Bh4 51. b4 axb4 52. a5 Kd6 53. Kc4 Be1 54. a6 Kc7 55. d5 cxd5+ 56. Kxd5 Bd2 57. Bc5 b3 58. Bd4 Bc1 59. Bxg7 b2 60. Bxb2 Bxb2 61. Ke6 Bc1 62. Kf5 Bd2 63. Kg4 Kb6 64. g3 fxg3 65. Kxg3 Be1+ 66. Kg4 Bh4 0-1

[Event "Ramat Gan Purim Rapid op"]
[Site "Ramat Gan"]
[Date "2023.03.06"]
[Round "3"]
[White "Gavriely, Or"]
[Black "Soybert, Ori"]
[Result "1-0"]
[WhiteElo "2000"]
[BlackElo "1784"]
[PlyCount "97"]
[EventDate "2023.03.06"]
[EventType "swiss (rapid)"]
[EventRounds "5"]
[EventCountry "ISR"]
[SourceTitle "CBM 213 Extra"]
[Source "ChessBase"]
[SourceDate "2023.05.31"]
[SourceVersion "1"]
[SourceVersionDate "2023.05.31"]
[SourceQuality "1"]

1. d4 Nf6 2. c4 e6 3. Nf3 c5 4. e3 cxd4 5. exd4 d5 6. Nc3 Bb4 7. Bd3 Nc6 8. 0-0 h6 9. Bf4 a6 10. Qb3 Bxc3 11. bxc3 dxc4 12. Bxc4 0-0 13. Bd3 b5 14. a4 b4 15. cxb4 Nxd4 16. Nxd4 Qxd4 17. Be3 Qh4 18. Qc4 Qh5 19. Be2 Qd5 20. Rfd1 Qxc4 21. Bxc4 Bb7 22. b5 axb5 23. axb5 Nd5 24. Bxd5 Bxd5 25. b6 f6 26. Ra7 Rxa7 27. bxa7 Kf7 28. Ra1 g5 29. Bc5 Rc8 30. Bd6 Ke8 31. f3 Kd7 32. Bb8 Ba8 33. Rd1+ Ke7 34. h4 Rc2 35. Bd6+ Kf7 36. hxg5 hxg5 37. Rb1 Rd2 38. Bg3 Rd7 39. Bf2 f5 40. Rb8 Bd5 41. a8Q Bxa8 42. Rxa8 g4 43. fxg4 fxg4 44. Ra7 Rxa7 45. Bxa7 Kg6 46. Kf2 Kf5 47. Ke3 e5 48. Bb8 e4 49. Bg3 1-0

[Event "Ramat Gan Shavuot Rapid"]
[Site "Ramat Gan"]
[Date "2022.06.04"]
[Round "4"]
[White "Dvoirys, Semen I"]
[Black "Gavriely, Or"]
[Result "1-0"]
[WhiteElo "2439"]
[BlackElo "2102"]
[PlyCount "57"]
[EventDate "2022.06.04"]
[EventType "swiss (rapid)"]
[EventRounds "6"]
[EventCountry "ISR"]
[SourceTitle "CBM 208 Extra"]
[Source "ChessBase"]
[SourceDate "2022.07.31"]
[SourceVersion "1"]
[SourceVersionDate "2022.07.31"]
[SourceQuality "1"]

1. e4 c6 2. Nc3 d5 3. Nf3 dxe4 4. Nxe4 Nf6 5. Ng3 Bg4 6. h3 Bxf3 7. Qxf3 Qd5 8. Qe3 c5 9. Be2 e6 10. Bf3 Qd7 11. 0-0 Nc6 12. d3 Be7 13. c3 0-0 14. Qe2 Rad8 15. Rd1 Qc7 16. Ne4 Nd5 17. g3 Rfe8 18. Bg2 f5 19. Ng5 Bf6 20. Re1 e5 21. Nxh7 e4 22. Nxf6+ Nxf6 23. dxe4 fxe4 24. Bg5 Rd7 25. Bxf6 gxf6 26. Bxe4 Re5 27. Qf3 Rde7 28. Qxf6 Rf7 29. Bd5 1-0

[Event "Ramat Gan Shavuot Rapid"]
[Site "Ramat Gan"]
[Date "2022.06.04"]
[Round "1"]
[White "Gavriely, Or"]
[Black "Lomasov, Semen"]
[Result "0-1"]
[WhiteElo "2102"]
[BlackElo "2541"]
[PlyCount "89"]
[EventDate "2022.06.04"]
[EventType "swiss (rapid)"]
[EventRounds "6"]
[EventCountry "ISR"]
[SourceTitle "CBM 208 Extra"]
[Source "ChessBase"]
[SourceDate "2022.07.31"]
[SourceVersion "1"]
[SourceVersionDate "2022.07.31"]
[SourceQuality "1"]

1. d4 e6 2. Nf3 Nf6 3. c4 Bb4+ 4. Bd2 a5 5. a3 Bxd2+ 6. Qxd2 d6 7. Nc3 Nc6 8. e3 e5 9. dxe5 Nxe5 10. Nxe5 dxe5 11. Qxd8+ Kxd8 12. Bd3 Ke7 13. Nd5+ Nxd5 14. cxd5 Kd6 15. Rc1 a4 16. Kd2 Ra5 17. e4 Bd7 18. f3 h5 19. Rc3 h4 20. Rhc1 c6 21. Bc4 c5 22. b4 axb3 23. Rxb3 b5 24. Be2 h3 25. g3 Rha8 26. Rbc3 c4 27. Ra1 b4 28. Rxc4 Rxa3 29. Rxa3 bxa3 30. Rc1 a2 31. Ra1 Kc5 32. Kc3 Ra3+ 33. Kb2 Re3 34. Bd1 Re1 35. Kxa2 Rh1 36. Rc1+ Kd4 37. f4 exf4 38. gxf4 Rxh2+ 39. Kb1 Kxe4 40. d6 Rd2 41. Bc2+ Kxf4 42. Rf1+ Ke5 43. Rh1 g5 44. Kc1 Rxd6 45. Bd1 0-1

[Event "ISR-ch op"]
[Site "Safed"]
[Date "2021.12.10"]
[Round "3"]
[White "Gavriely, Or"]
[Black "Eliagov, Kafar"]
[Result "0-1"]
[WhiteElo "1911"]
[BlackElo "2257"]
[PlyCount "87"]
[EventDate "2021.12.08"]
[EventType "swiss"]
[EventRounds "9"]
[EventCountry "ISR"]
[SourceTitle "CBM 205 Extra"]
[Source "ChessBase"]
[SourceDate "2022.01.31"]
[SourceVersion "1"]
[SourceVersionDate "2022.01.31"]
[SourceQuality "1"]

1. d4 Nf6 2. Nf3 g6 3. c4 Bg7 4. Nc3 d6 5. e4 0-0 6. Be2 Bg4 7. 0-0 Nc6 8. Be3 e5 9. d5 Ne7 10. c5 Nh5 11. cxd6 cxd6 12. Nd2 Bxe2 13. Qxe2 f5 14. f3 a6 15. g3 f4 16. Bf2 fxg3 17. hxg3 Rc8 18. Kg2 h6 19. Be3 g5 20. Rh1 Qe8 21. Nc4 Rd8 22. Bb6 Rd7 23. Qd3 Nc8 24. Be3 Qg6 25. g4 Nf6 26. Nd1 Qe8 27. Nf2 Ne7 28. Rh3 Ng6 29. Nd2 Rdf7 30. Qe2 Qc8 31. Nc4 Qd7 32. Nb6 Qe7 33. Rf1 Nh4+ 34. Kh1 Nh7 35. Nd3 h5 36. gxh5 g4 37. Rg3 Nxf3 38. Rxg4 Nf6 39. Rxg7+ Rxg7 40. Rxf3 Nxe4 41. Rxf8+ Qxf8 42. Bf2 Qf5 43. Kh2 Rg4 44. Qxg4+ 0-1